Fairplay. Solutions, with Newbuildings

Αποθηκεύτηκε σε:
Λεπτομέρειες βιβλιογραφικής εγγραφής
Μορφή: Περιοδική έκδοση
Γλώσσα:English
Δημοσίευση: Coulsdon, Surrey, UK : Fairplay Publications, 1990-
Θέματα:
Ετικέτες: Προσθήκη ετικέτας
Δεν υπάρχουν, Καταχωρήστε ετικέτα πρώτοι!

MARC

LEADER 00000nas a2200000 i 4500
001 1/51450
008 040316c19909999uk eng
035 |l 10072753  
040 |a GR-MY-UA  |b gre  |e aacr 
041 0 |a eng 
082 0 |a 338.4762382  
245 1 0 |a Fairplay. Solutions, with Newbuildings   |h [περιοδικό]  
260 |a Coulsdon, Surrey, UK :   |b Fairplay Publications,   |c 1990-  
300 |a τ. :   |b εικ. ;   |c 28εκ.  
310 |a Μηνιαίο  
650 0 0 |a Shipbuilding  |x Periodicals. 
650 0 0 |a Shiphuilding  |x Statistics  |x Periodicals. 
650 0 0 |a Ships  |x Periodicals. 
650 0 0 |a Shipping  |x Periodicals. 
853 |a INST  |b CHIOS  |c SER  |h 338.4762382 
920 |a ΤΜΗΜΑ ΝΑΥΤΙΛΙΑΣ ΚΑΙ ΕΠΙΧΕΙΡΗΜΑΤΙΚΩΝ ΥΠΗΡΕΣΙΩΝ  |y ΧΙΟΣ  |z 2001-05 
970 |a ΣΠΕΝΤΖΑ  |b ΕΛΕΝΗ  |z 2004/03/16